Home surveys explained (Record no. 70667)
[ view plain ]
| 000 -LEADER | |
|---|---|
| fixed length control field | 01368cam a2200241 4500 |
| 001 - CONTROL NUMBER | |
| control field | WB3824-23 |
| 008 - FIXED-LENGTH DATA ELEMENTS--GENERAL INFORMATION | |
| fixed length control field | 020703n2002 000 0 eng u |
| 035 ## - SYSTEM CONTROL NUMBER | |
| System control number | (Sirsi) u118665 |
| 245 ## - TITLE STATEMENT | |
| Title | Home surveys explained |
| 260 ## - PUBLICATION, DISTRIBUTION, ETC. | |
| Date of publication, distribution, etc. | 2002 |
| 490 ## - SERIES STATEMENT | |
| Series statement | RICS Press Release |
| Volume/sequential designation | (pro080) 2 July 2002, (2) |
| 490 ## - SERIES STATEMENT | |
| Series statement | Which? Press Release |
| Volume/sequential designation | 4 July 2002, (2) |
| 520 ## - SUMMARY, ETC. | |
| Summary, etc. | RICS has published a new leaflet outlining the facts on home surveys in response to a "Which?" report, "Surveys that don't give you the hole picture". "Understanding property surveys" is aimed at homebuyers and explains the different types of surveys available, what to expect from a survey and a survey report, the difference between a valuation and a survey, and the complaints procedure. Leaflet available free of charge from RICS Contact Centre, t +44 (0)870 3331600 or at http://www.rics.org/public/surveys.html "Which?" report available from Martin Chapman on +44(0)20 7770 7373. http://www.rics.org/ricscms/bin/show?class=PressRelease&template=/includes/showpr.html&id=760 http://www.which.net/whatsnew/pr/jul02/which/surveyor.html |
| 590 ## - LOCAL NOTE (RLIN) | |
| Local note | WB |
| 650 ## - SUBJECT ADDED ENTRY--TOPICAL TERM | |
| Topical term or geographic name entry element | RICS |
| 650 ## - SUBJECT ADDED ENTRY--TOPICAL TERM | |
| Topical term or geographic name entry element | WHICH? |
| 650 ## - SUBJECT ADDED ENTRY--TOPICAL TERM | |
| Topical term or geographic name entry element | RESIDENTIAL SURVEYS |
| 650 ## - SUBJECT ADDED ENTRY--TOPICAL TERM | |
| Topical term or geographic name entry element | Valuation |
| 9 (RLIN) | 6273 |
| 650 ## - SUBJECT ADDED ENTRY--TOPICAL TERM | |
| Topical term or geographic name entry element | HOMEBUYERS |
| 650 ## - SUBJECT ADDED ENTRY--TOPICAL TERM | |
| Topical term or geographic name entry element | Survey reports |
| 9 (RLIN) | 6270 |
| 690 ## - LOCAL SUBJECT ADDED ENTRY--TOPICAL TERM (OCLC, RLIN) | |
| Topical term or geographic name as entry element | PROPERTY AND LAND LAW-AGENCY-RESIDENTIAL |
| 942 ## - ADDED ENTRY ELEMENTS (KOHA) | |
| Suppress in OPAC | 0 |
| Withdrawn status | Lost status | Source of classification or shelving scheme | Damaged status | Not for loan | Home library | Current library | Shelving location | Date acquired | Total Checkouts | Full call number | Barcode | Date last seen | Copy number | Price effective from | Koha item type |
|---|---|---|---|---|---|---|---|---|---|---|---|---|---|---|---|
| Dewey Decimal Classification | London | London | News article | 03/07/2002 | WB3824-23 | 118665-1001 | 06/08/2019 | 1 | 06/08/2019 | News article |